Coats of arms of municipalities in Bosnia and Herzegovina - Statistics

General Stats
  • This quiz has been taken 38 times
    37 since last reset
  • The average score is 12 of 143
Answer Stats
Picture Answer % Correct
Banja Luka
50%
Sarajevo
50%
Mostar
29%
Odžak
29%
Srebrenik
29%
Bosanska Krupa
25%
Grude
25%
Ilidža
25%
Prozor-Rama
25%
Doboj
21%
Istočno Sarajevo
21%
Konjic
21%
Novi Grad (Sarajevo)
21%
Široki Brijeg
21%
Stari Grad (Sarajevo)
21%
Bihać
18%
Bugojno
18%
Čelić
18%
Centar (Sarajevo)
18%
Gradačac
18%
Kalesija
18%
Neum
18%
Novo Sarajevo
18%
Prijedor
18%
Tuzla
18%
Čapljina
14%
Cazin
14%
Derventa
14%
Donji Vakuf
14%
Ilijaš
14%
Istočni Drvar
14%
Jajce
14%
Ključ
14%
Kupres (FBiH)
14%
Livno
14%
Tomislavgrad
14%
Travnik
14%
Velika Kladuša
14%
Zenica
14%
Banovići
11%
Bileća
11%
Bužim
11%
Doboj Istok
11%
Domaljevac-Šamac
11%
Hadžići
11%
Istočna Ilidža
11%
Kladanj
11%
Lopare
11%
Sanski Most
11%
Srebrenica
11%
Trnovo (FBiH)
11%
Usora
11%
Visoko
11%
Vitez
11%
Bijeljina
7%
Breza
7%
Brod
7%
Donji Žabar
7%
Goražde
7%
Gornji Vakuf-Uskoplje
7%
Gračanica
7%
Jezero
7%
Kakanj
7%
Kostajnica
7%
Lukavac
7%
Olovo
7%
Orašje
7%
Posušje
7%
Sapna
7%
Srbac
7%
Stolac
7%
Tešanj
7%
Ugljevik
7%
Vogošća
7%
Živinice
7%
Zvornik
7%
Bosanski Petrovac
4%
Bosansko Grahovo
4%
Busovača
4%
Čelinac
4%
Čitluk
4%
Doboj Jug
4%
Dobretići
4%
Drvar
4%
Foča-Ustikolina
4%
Gacko
4%
Gradiška
4%
Han Pijesak
4%
Istočni Stari Grad
4%
Kalinovik
4%
Kiseljak
4%
Kozarska Dubica
4%
Maglaj
4%
Milići
4%
Mrkonjić Grad
4%
Novi Grad (RS)
4%
Novi Travnik
4%
Novo Goražde
4%
Pale
4%
Pale-Prača
4%
Petrovac
4%
Petrovo
4%
Ravno
4%
Ribnik
4%
Šamac
4%
Šipovo
4%
Teočak
4%
Trebinje
4%
Zavidovići
4%
Berkovići
0%
Bratunac
0%
Čajniče
0%
Foča
0%
Fojnica
0%
Glamoč
0%
Istočno Novo Sarajevo
0%
Jablanica
0%
Kneževo
0%
Kotor Varoš
0%
Kreševo
0%
Krupa na Uni
0%
Kupres (RS)
0%
Laktaši
0%
Ljubinje
0%
Ljubuški
0%
Modriča
0%
Nevesinje
0%
Osmaci
0%
Oštra Luka
0%
Pelagićevo
0%
Prnjavor
0%
Rogatica
0%
Rudo
0%
Šekovići
0%
Sokolac
0%
Stanari
0%
Teslić
0%
Trnovo (RS)
0%
Vareš
0%
Višegrad
0%
Vlasenica
0%
Vukosavlje
0%
Žepče
0%
No matching quizzes found
Score Distribution
Percent of People with Each Score
Percentile by Number Answered
Your Score History
You have not taken this quiz since the last reset